Sociologie de la sexualité (notice n° 1568652)
[ vue normale ]
| 000 -LEADER | |
|---|---|
| fixed length control field | 01313cam a2200133 4500500 |
| 005 - DATE AND TIME OF LATEST TRANSACTION | |
| control field | 20251214005054.0 |
| 041 ## - LANGUAGE CODE | |
| Language code of text/sound track or separate title | fre |
| 042 ## - AUTHENTICATION CODE | |
| Authentication code | dc |
| 100 10 - MAIN ENTRY--PERSONAL NAME | |
| Personal name | Bozon, Michel |
| Relator term | author |
| 245 00 - TITLE STATEMENT | |
| Title | Sociologie de la sexualité |
| 260 ## - PUBLICATION, DISTRIBUTION, ETC. | |
| Name of publisher, distributor, etc. | Armand Colin,<br/> |
| Date of publication, distribution, etc. | 2018.<br/> |
| 520 ## - SUMMARY, ETC. | |
| Summary, etc. | La sexualité a débordé des cadres qui naguère encore la contenaient, la religion, le mariage et la famille, l’hétérosexualité. Sa présence publique et son empire sur nous se sont considérablement élargis. À l’âge numérique, nouvelle étape de la mondialisation, la multiplication des discours et la circulation des images contribuent à sa visibilité croissante et à une mise en débat sans précédent des normes sexuelles. Une obligation diffuse au sexe tout au long de la vie s’est insinuée en nous. Confronté à ses désirs, chacun doit élaborer lui-même ses lignes de conduite. Cette nouvelle édition, fortement augmentée, prend en compte les enquêtes, les travaux et les débats les plus récents. Elle montre que, même s’ils sont de plus en plus sensibles aux aspirations à l’égalité, les comportements sexuels restent pris dans l’entrelacs des inégalités du monde social. |
| 856 41 - ELECTRONIC LOCATION AND ACCESS | |
| Uniform Resource Identifier | <a href="https://shs.cairn.info/sociologie-de-la-sexualite--9782200621643?lang=fr&redirect-ssocas=7080">https://shs.cairn.info/sociologie-de-la-sexualite--9782200621643?lang=fr&redirect-ssocas=7080</a> |
Pas d'exemplaire disponible.




Réseaux sociaux